000 00700nam a22002057a 4500
005 20251108172958.0
008 250721s1986 xx 000 0 ara d
082 1 4 _a371.33/حمد
100 1 _aحمدان، محمد زياد
245 1 0 _aتأسيس مراكز الوسائل التعليمية في المدارس و المناطق التربوية /
250 _a2
264 1 _aعمان :
_bدار التربية الحديثة،
_c1986.
300 _a263 ص
490 0 _aسلسلة البتربية الحديثة
_v3
650 1 7 _aاساليب التدريس
650 1 7 _aالوسائل التعليمية
650 1 7 _aطرق التدريس
942 _2ddc
_cBK
999 _c93229
_d93229